[Event "Schloss op 1st"]
[Site "Heusenstamm"]
[Date "2014.11.23"]
[Round "6.45"]
[White "Koellner, Ruben Gideon"]
[Black "Krastev, Alexander"]
[Result "0-1"]
[WhiteElo "1529"]
[BlackElo "1745"]
[PlyCount "120"]
[EventDate "2014.11.??"]
[EventType "swiss"]
[EventRounds "7"]
[EventCountry "GER"]
[WhiteTeam "SV Bergneustadt/Derschlag"]
[BlackTeam "Sfr Biebertal"]

1. d4 Nf6 2. Nf3 c5 3. e3 g6 4. Bd3 Bg7 5. c3 cxd4 6. exd4 d6 7. O-O O-O 8.
Nbd2 Nbd7 9. Re1 a6 10. Ne4 b5 11. Nxf6+ Nxf6 12. a3 Bb7 13. Be3 Rc8 14. Qe2
Re8 15. Rad1 Nd5 16. Bg5 h6 17. Bh4 Nf4 18. Qe3 g5 19. Bg3 Nxd3 20. Qxd3 e6 21.
h3 f5 22. Re2 Bd5 23. Nd2 Rc7 24. Rde1 Rf7 25. Bh2 h5 26. f4 g4 27. hxg4 hxg4
28. Kf2 Bf6 29. Rh1 Rh7 30. Ree1 Kf7 31. Bg3 Reh8 32. Qb1 Qa8 33. Rxh7+ Rxh7
34. Rh1 Qh8 35. Rxh7+ Qxh7 36. Qg1 Bh4 37. Qh2 Bxg3+ 38. Kxg3 Qxh2+ 39. Kxh2
Kf6 40. Kg3 e5 41. dxe5+ dxe5 42. fxe5+ Kxe5 43. b4 Be6 44. Kf2 f4 45. Ke2 Bd5
46. Kf2 Kf5 47. g3 fxg3+ 48. Kxg3 Be6 49. Kg2 Kf4 50. Kf2 g3+ 51. Kg2 Bd5+ 52.
Kg1 Ke3 53. Nf1+ Kd3 54. Nxg3 Kxc3 55. Kf2 Kb3 56. Ke2 Kxa3 57. Kd2 Kxb4 58.
Kc2 Ka3 59. Kb1 Ba2+ 60. Ka1 b4 0-1

[Event "Schloss op 1st"]
[Site "Heusenstamm"]
[Date "2014.11.23"]
[Round "6.46"]
[White "Rapp, Matthias"]
[Black "Krastev, Ivan"]
[Result "1-0"]
[WhiteElo "1485"]
[BlackElo "1742"]
[PlyCount "133"]
[EventDate "2014.11.??"]
[EventType "swiss"]
[EventRounds "7"]
[EventCountry "GER"]
[WhiteTeam "TSV Schott Mainz"]
[BlackTeam "Sfr Biebertal"]

1. e4 e5 2. Nf3 Nc6 3. d4 exd4 4. Nxd4 Bc5 5. Be3 Qf6 6. c3 a6 7. Bc4 Nge7 8.
O-O O-O 9. a4 d6 10. Na3 Qg6 11. Nxc6 Nxc6 12. Bxc5 dxc5 13. Bd5 Ne5 14. f3 c6
15. Bb3 Bh3 16. Qe2 Rad8 17. Kh1 Bc8 18. Rad1 b5 19. h3 Qg3 20. f4 Bg4 21. Qe1
Qxe1 22. Rdxe1 Nd3 23. hxg4 Nxe1 24. Rxe1 Rd2 25. axb5 cxb5 26. Rb1 c4 27. Bd1
Rfd8 28. Bf3 Rf2 29. b3 cxb3 30. Rxb3 Rd3 31. Kg1 Ra2 32. e5 Kf8 33. Nxb5 axb5
34. Rxb5 Rxc3 35. Rb8+ Ke7 36. Rb7+ Ke8 37. Bd5 Ra1+ 38. Kh2 f5 39. gxf5 Rf1
40. f6 gxf6 41. exf6 Rxf4 42. f7+ Kd8 43. Be6 Rc7 44. Rb8+ Ke7 45. Re8+ Kd6 46.
g4 Rcxf7 47. Bxf7 Rxf7 48. Kg3 Kd7 49. Re1 Re7 50. Rd1+ Ke8 51. Kf4 Kf7 52. Kg5
Kg7 53. Rd5 Rf7 54. Kh5 Rf6 55. Rd7+ Kg8 56. Kg5 Rg6+ 57. Kf5 Kh8 58. g5 Kg8
59. Re7 Kh8 60. Re6 Kg7 61. Rxg6+ hxg6+ 62. Ke6 Kg8 63. Kf6 Kf8 64. Kxg6 Kg8
65. Kf6 Kf8 66. g6 Kg8 67. g7 1-0

[Event "Schloss op 1st"]
[Site "Heusenstamm"]
[Date "2014.11.23"]
[Round "6.47"]
[White "Kirchner, Stefan"]
[Black "Faerber, David"]
[Result "0-1"]
[WhiteElo "1481"]
[BlackElo "1732"]
[PlyCount "28"]
[EventDate "2014.11.??"]
[EventType "swiss"]
[EventRounds "7"]
[EventCountry "GER"]
[WhiteTeam "SF Schoeneck"]
[BlackTeam "SV Walldorf"]

1. e4 c6 2. d4 d5 3. Nc3 dxe4 4. Nxe4 Bf5 5. Ng3 Bg6 6. Bc4 e6 7. N1e2 Bd6 8.
Nf4 Qc7 9. Nxg6 hxg6 10. Be3 Nf6 11. Be2 Nbd7 12. c3 Bxg3 13. fxg3 Rxh2 14. Bf4
Rxh1+ 0-1

[Event "Schloss op 1st"]
[Site "Heusenstamm"]
[Date "2014.11.23"]
[Round "6.48"]
[White "Gelfenbaum, Daniel"]
[Black "Fuessel, Jan Michael"]
[Result "0-1"]
[WhiteElo "1715"]
[BlackElo "1565"]
[PlyCount "44"]
[EventDate "2014.11.??"]
[EventType "swiss"]
[EventRounds "7"]
[EventCountry "GER"]
[WhiteTeam "TuS Makkabi Frankfurt"]
[BlackTeam "VSG 1880 Offenbach"]

1. e4 c6 2. d4 d5 3. Nc3 dxe4 4. Nxe4 Bf5 5. Ng3 Bg6 6. h4 h6 7. Nf3 e6 8. h5
Bh7 9. Bd3 Bxd3 10. Qxd3 Nf6 11. Bd2 Nbd7 12. O-O-O Be7 13. Qe2 O-O 14. Ne5 Rc8
15. Rhe1 Qc7 16. Ng6 Rfe8 17. Nxe7+ Rxe7 18. Nf5 Ree8 19. Nh4 c5 20. Be3 Qa5
21. a3 cxd4 22. Bxd4 Qg5+ 0-1

[Event "Schloss op 1st"]
[Site "Heusenstamm"]
[Date "2014.11.23"]
[Round "6.49"]
[White "Miller, Justin"]
[Black "Wilk, David"]
[Result "1-0"]
[WhiteElo "1712"]
[BlackElo "1525"]
[PlyCount "59"]
[EventDate "2014.11.??"]
[EventType "swiss"]
[EventRounds "7"]
[EventCountry "GER"]
[WhiteTeam "Sfr 1932 Kelkheim"]
[BlackTeam "SF Mainz"]

1. e4 e5 2. Nf3 Nc6 3. Bb5 a6 4. Ba4 d6 5. c3 Nf6 6. d4 exd4 7. cxd4 Bd7 8. O-O
h6 9. Nc3 Be7 10. Re1 O-O 11. e5 Nh7 12. Bc2 Bg4 13. a3 Bxf3 14. Qxf3 Ng5 15.
Qd3 g6 16. h4 Nf3+ 17. gxf3 h5 18. Bh6 Re8 19. e6 f5 20. f4 d5 21. Bg5 Bxg5 22.
fxg5 Qd6 23. Qe3 Re7 24. Bb3 Rae8 25. Nxd5 Kf8 26. Nxe7 Rxe7 27. d5 Na5 28. Qc3
Kg8 29. Qxa5 Qf4 30. Qb4 1-0

[Event "Schloss op 1st"]
[Site "Heusenstamm"]
[Date "2014.11.23"]
[Round "6.50"]
[White "Kremenetskiy, Igor"]
[Black "Turp, Hueseyin"]
[Result "0-1"]
[WhiteElo "1345"]
[BlackElo "1651"]
[PlyCount "102"]
[EventDate "2014.11.??"]
[EventType "swiss"]
[EventRounds "7"]
[EventCountry "GER"]
[WhiteTeam "Sfr Heusenstam"]
[BlackTeam "Oberhausener SV"]

1. e4 d5 2. exd5 Qxd5 3. Nc3 Qa5 4. Bc4 Nf6 5. h3 c6 6. Qf3 Nbd7 7. d4 c5 8.
dxc5 Ne5 9. Qe2 Nxc4 10. Qxc4 Bd7 11. b4 Qd8 12. Bg5 e6 13. Ne4 h6 14. Bxf6
gxf6 15. Rd1 Be7 16. Qc3 Rg8 17. Qf3 Rg6 18. Ne2 Qc7 19. O-O Bc6 20. Qe3 f5 21.
N4g3 Bg5 22. f4 Bf6 23. Rf2 a5 24. a3 axb4 25. axb4 Ra2 26. c3 Ba4 27. Re1 Kf8
28. Nh5 Bh4 29. g3 Qb8 30. Kh2 Be7 31. Qd4 Kg8 32. c4 Bc6 33. Rd1 Ra3 34. Nc3
Qf8 35. Rg1 Ra8 36. g4 Rd8 37. Qe5 Rd3 38. Rg3 Rxg3 39. Kxg3 Qd8 40. Qe3 Bh4+
41. Kh2 Bxf2 42. Qxf2 Qd3 43. Ne2 Qxc4 44. Nd4 Be4 45. g5 Qd3 46. Ng3 hxg5 47.
fxg5 Rxg5 48. Qf4 Rg6 49. Qb8+ Kg7 50. Qf4 Rxg3 51. Qxg3+ Qxg3+ 0-1

[Event "Schloss op 1st"]
[Site "Heusenstamm"]
[Date "2014.11.23"]
[Round "6.51"]
[White "Ruell, Michael"]
[Black "Koellner, Aaron Noah"]
[Result "1-0"]
[WhiteElo "1782"]
[BlackElo "1325"]
[PlyCount "43"]
[EventDate "2014.11.??"]
[EventType "swiss"]
[EventRounds "7"]
[EventCountry "GER"]
[WhiteTeam "SC 1952 Obertshausen"]
[BlackTeam "SV Bergneustadt/Derschlag"]

1. e4 c5 2. d4 cxd4 3. c3 dxc3 4. Nxc3 Nc6 5. Nf3 e5 6. Bc4 Be7 7. Qd5 d6 8.
Qxf7+ Kd7 9. Qxg7 Nf6 10. Ng5 h5 11. Nb5 Nb4 12. O-O a6 13. Nxd6 Nc2 14. Nf5
Qf8 15. Rd1+ Kc6 16. Qxe7 Nxa1 17. Rd6+ Kc5 18. Qc7+ Kb4 19. Rb6+ Ka5 20. Bd2+
Ka4 21. Bb3+ Nxb3 22. axb3# 1-0

[Event "Schloss op 1st"]
[Site "Heusenstamm"]
[Date "2014.11.23"]
[Round "6.52"]
[White "Muegendt, Brian Christopher"]
[Black "Leichum, Engelbert"]
[Result "1-0"]
[WhiteElo "1622"]
[BlackElo "1745"]
[PlyCount "71"]
[EventDate "2014.11.??"]
[EventType "swiss"]
[EventRounds "7"]
[EventCountry "GER"]
[WhiteTeam "SC Heusenstamm"]

1. e4 e5 2. Nf3 d6 3. d4 exd4 4. Nxd4 c5 5. Nf3 g6 6. Bc4 Nc6 7. Ng5 Ne5 8.
Bb5+ Bd7 9. Nc3 Bxb5 10. Nxb5 Qa5+ 11. Nc3 Nf6 12. f4 Nc6 13. Bd2 Qa6 14. a4
O-O-O 15. Nxf7 Re8 16. Nxh8 Nxe4 17. Nxe4 Rxe4+ 18. Kf2 Qc4 19. Be3 Rxf4+ 20.
Bxf4 Qxf4+ 21. Qf3 Qd4+ 22. Qe3 Qf6+ 23. Kg3 Ne7 24. Rhf1 Nf5+ 25. Rxf5 gxf5
26. Qe8+ Kc7 27. Qf7+ Be7 28. Qxf6 Bxf6 29. Nf7 Bxb2 30. Rd1 Bd4 31. Kf4 Kd7
32. Kxf5 Ke7 33. Ng5 h6 34. Nf3 Bc3 35. Rd3 Bb2 36. Rb3 1-0

[Event "Schloss op 1st"]
[Site "Heusenstamm"]
[Date "2014.11.23"]
[Round "6.53"]
[White "Voeller, Lothar"]
[Black "Held, Gerd"]
[Result "1-0"]
[WhiteElo "1715"]
[BlackElo "1454"]
[PlyCount "117"]
[EventDate "2014.11.??"]
[EventType "swiss"]
[EventRounds "7"]
[EventCountry "GER"]
[WhiteTeam "FS Dortmund"]
[BlackTeam "SC Gross Zimmern"]

1. b3 c5 2. Bb2 e6 3. e3 Nf6 4. c4 g6 5. Nf3 Bg7 6. Be2 O-O 7. O-O d5 8. d3 Nc6
9. Nbd2 b6 10. Ne5 Bb7 11. f4 Nd7 12. Nxc6 Bxc6 13. Bxg7 Kxg7 14. Nf3 f6 15. d4
a6 16. Qe1 a5 17. Qh4 f5 18. Ng5 Qe7 19. Qxh7+ Kf6 20. Qxe7+ Kxe7 21. Bf3 Nf6
22. Rac1 Rac8 23. h3 dxc4 24. bxc4 Bxf3 25. gxf3 cxd4 26. exd4 Nh5 27. d5 Nxf4
28. Rfe1 Rf6 29. Rb1 Rb8 30. c5 Nxd5 31. Rec1 b5 32. a4 b4 33. Rc4 Rc8 34. Rh4
Rxc5 35. Rh7+ Kf8 36. Ra7 Kg8 37. Re1 Nf4 38. Rd1 Nd5 39. f4 Rc6 40. Rxa5 Kg7
41. Nxe6+ Rfxe6 42. Rdxd5 Rc4 43. Re5 Re4 44. Rxe6 Rxe6 45. Kf2 Rc6 46. Rb5
Rc2+ 47. Kg3 Rc3+ 48. Kh4 b3 49. a5 Rc4 50. Kg5 Rc3 51. Rb7+ Kg8 52. Kxg6 Rg3+
53. Kxf5 Rxh3 54. a6 b2 55. Rxb2 Ra3 56. Rb8+ Kf7 57. Rb7+ Ke8 58. a7 Kd8 59.
Rb8+ 1-0

[Event "Schloss op 1st"]
[Site "Heusenstamm"]
[Date "2014.11.23"]
[Round "6.54"]
[White "Popp, Johann"]
[Black "Kirchner, Markus"]
[Result "0-1"]
[WhiteElo "1453"]
[BlackElo "1451"]
[PlyCount "78"]
[EventDate "2014.11.??"]
[EventType "swiss"]
[EventRounds "7"]
[EventCountry "GER"]
[WhiteTeam "VSG 1880 Offenbach"]
[BlackTeam "SF Schoeneck"]

1. d4 Nf6 2. c4 d6 3. Nc3 Nbd7 4. g3 g6 5. Bg2 Bg7 6. Nf3 O-O 7. O-O c6 8. Bd2
Re8 9. Qc1 e5 10. dxe5 dxe5 11. Bg5 Qc7 12. e4 Nc5 13. Qc2 a5 14. h3 Be6 15. b3
Rad8 16. Rad1 h6 17. Be3 Ncd7 18. Rd2 Kh7 19. Rfd1 Bf8 20. Re2 Bb4 21. Ne1 Nc5
22. Bxc5 Bxc5 23. Rxd8 Rxd8 24. Rd2 Bb6 25. Nd3 Bd4 26. Ne2 Qd6 27. Nxd4 Qxd4
28. Kf1 Nxe4 29. Bxe4 Qxe4 30. g4 Qh1+ 31. Ke2 Qxh3 32. Nxe5 Bxg4+ 33. Nxg4
Qxg4+ 34. f3 Rxd2+ 35. Qxd2 Qg2+ 36. Ke3 Qxd2+ 37. Kxd2 g5 38. a3 h5 39. Ke3 h4
0-1

[Event "Schloss op 1st"]
[Site "Heusenstamm"]
[Date "2014.11.23"]
[Round "6.55"]
[White "Roytblat, David"]
[Black "Libuda, Thomas"]
[Result "0-1"]
[WhiteElo "1042"]
[BlackElo "1924"]
[PlyCount "74"]
[EventDate "2014.11.??"]
[EventType "swiss"]
[EventRounds "7"]
[EventCountry "GER"]
[WhiteTeam "SC Heusenstamm"]
[BlackTeam "1 Hainstaedter SC 1950"]

1. e4 d6 2. Nc3 g6 3. Bc4 Bg7 4. Nf3 Nf6 5. h3 O-O 6. d3 Nc6 7. Bg5 h6 8. Bf4
Na5 9. Bb3 Nxb3 10. axb3 e5 11. Be3 a6 12. Qd2 Kh7 13. O-O Bd7 14. b4 Qc8 15.
Kh2 c6 16. Nh4 b5 17. Qc1 Qd8 18. Nf3 Ng8 19. Rg1 f5 20. exf5 Rxf5 21. Ne4 Qe7
22. Ng3 Rff8 23. Qd2 Nf6 24. Rae1 Nd5 25. Qc1 Rxf3 26. gxf3 Qh4 27. Rh1 Nf4 28.
Kg1 Rf8 29. Qd1 Nxh3+ 30. Kg2 Nf4+ 31. Kg1 Qg5 32. Qd2 h5 33. Rc1 h4 34. Kf1
Kg8 35. Ne2 Qg2+ 36. Ke1 Qxh1+ 37. Ng1 Qxg1# 0-1

[Event "Schloss op 1st"]
[Site "Heusenstamm"]
[Date "2014.11.23"]
[Round "6.56"]
[White "Schreer, Maxima"]
[Black "Fitzke, Tobias"]
[Result "1-0"]
[WhiteElo "1433"]
[BlackElo "959"]
[PlyCount "81"]
[EventDate "2014.11.??"]
[EventType "swiss"]
[EventRounds "7"]
[EventCountry "GER"]
[WhiteTeam "Sfr 1891 Friedberg"]
[BlackTeam "SC Heusenstamm"]

1. e4 e5 2. Nf3 Nc6 3. Bc4 Bc5 4. d3 Nf6 5. Bg5 O-O 6. Nc3 h6 7. Bh4 Be7 8. h3
Nh5 9. Bxe7 Qxe7 10. Nd5 Qd6 11. Nh4 Nf4 12. Nf5 Qc5 13. b4 Nxb4 14. O-O Nbxd5
15. Bxd5 Nxd5 16. exd5 d6 17. Ne7+ Kh8 18. Qf3 Bd7 19. Rab1 b6 20. c4 Rae8 21.
Nc6 Bxc6 22. dxc6 e4 23. dxe4 Qxc6 24. Rfe1 Qxc4 25. Rbc1 Qxa2 26. Rxc7 f5 27.
Qg3 g5 28. Qc3+ Re5 29. Re7 Kg8 30. Ra1 Qe2 31. Qb3+ Kh8 32. Raxa7 Rxe7 33.
Qc3+ Kg8 34. Rxe7 Qd1+ 35. Kh2 Rf7 36. Re8+ Kh7 37. Qh8+ Kg6 38. Qg8+ Rg7 39.
Re6+ Kh5 40. Qe8+ Kh4 41. g3# 1-0

[Event "Schloss op 1st"]
[Site "Heusenstamm"]
[Date "2014.11.23"]
[Round "6.57"]
[White "Specht, Julius"]
[Black "Wendel, Joachim"]
[Result "0-1"]
[WhiteElo "982"]
[BlackElo "1331"]
[PlyCount "147"]
[EventDate "2014.11.??"]
[EventType "swiss"]
[EventRounds "7"]
[EventCountry "GER"]
[WhiteTeam "SC 1952 Obertshausen"]
[BlackTeam "SV 1920 Hofheim"]

1. d4 d5 2. c4 e6 3. Nc3 Nf6 4. Nf3 Bb4 5. a3 Be7 6. Bf4 Bd6 7. Bg5 Be7 8. Bf4
a6 9. e3 O-O 10. Bd3 h6 11. O-O Nc6 12. Qc2 dxc4 13. Bxc4 b6 14. Rad1 b5 15. d5
exd5 16. Bxd5 Nxd5 17. Nxd5 Bd7 18. Nxc7 Ra7 19. Nd5 Qc8 20. Ne5 Bf6 21. Nxf6+
gxf6 22. Nxd7 Rxd7 23. Bxh6 Rfd8 24. Rxd7 Qxd7 25. h3 Ne5 26. Qc3 Qf5 27. Bf4
Ng6 28. Qa5 Ra8 29. Rd1 Kg7 30. a4 Qc2 31. Re1 Qxb2 32. axb5 Qxb5 33. Qxb5 axb5
34. Bd6 Rd8 35. Ba3 Rd3 36. Bc5 Rb3 37. Kf1 Ne5 38. Bd4 b4 39. Bxe5 fxe5 40.
Ke2 Ra3 41. Kd2 Ra2+ 42. Kd3 Rxf2 43. Rg1 b3 44. g4 Rh2 45. Rb1 b2 46. Kc3 Rxh3
47. Rxb2 Rxe3+ 48. Kd2 Rg3 49. Rb4 Kg6 50. Ke2 Kg5 51. Kf2 Rxg4 52. Rxg4+ Kxg4
53. Ke3 f5 54. Kd3 Kf4 55. Ke2 e4 56. Kf2 Ke5 57. Ke2 f4 58. Kf2 f3 59. Ke1 Kf4
60. Kf1 Kg3 61. Ke1 f2+ 62. Kf1 e3 63. Ke2 Kg2 64. Kxe3 f1=Q 65. Ke4 Qe2+ 66.
Kd5 Kf3 67. Kd4 Qe3+ 68. Kd5 Qe4+ 69. Kc5 Kf4 70. Kd6 Qe5+ 71. Kc6 Kf5 72. Kd7
Qe6+ 73. Kc7 Ke5 74. Kb7 0-1

[Event "Schloss op 1st"]
[Site "Heusenstamm"]
[Date "2014.11.23"]
[Round "6.59"]
[White "Indorf, Noah David"]
[Black "Masoudi, Kian"]
[Result "0-1"]
[WhiteElo "977"]
[BlackElo "1178"]
[PlyCount "70"]
[EventDate "2014.11.??"]
[EventType "swiss"]
[EventRounds "7"]
[EventCountry "GER"]
[WhiteTeam "SC Heusenstamm"]
[BlackTeam "SC Bergen Enkheim 1922"]

1. e4 e5 2. Nf3 Nc6 3. Bc4 Bc5 4. c3 a6 5. d4 exd4 6. cxd4 Bb6 7. Ng5 Nh6 8.
Qh5 Qf6 9. O-O Bxd4 10. Be3 Qg6 11. Qxg6 hxg6 12. Nf3 Bxb2 13. Nbd2 Bxa1 14.
Rxa1 d6 15. Bxh6 gxh6 16. Re1 Be6 17. Bxe6 fxe6 18. Rb1 O-O-O 19. Nb3 g5 20.
Nbd4 Nxd4 21. Nxd4 Rde8 22. Nb3 Rhf8 23. Na5 b5 24. Nc6 Kd7 25. Na5 g4 26. e5
d5 27. Nb7 Rf5 28. Re1 Kc6 29. Na5+ Kb6 30. Nb3 c5 31. Rc1 Rc8 32. Re1 d4 33.
g3 Rcf8 34. f4 gxf3 35. Rf1 Rxe5 0-1

[Event "Heusenstammer Schloss-Open"]
[Site "Heusenstamm"]
[Date "2014.11.23"]
[Round "7.1"]
[White "Li, Chao b"]
[Black "Rausis, Igor, Dr."]
[Result "1/2-1/2"]
[LiveChessVersion "1.4.4"]
[BlackElo "2586"]
[WhiteElo "2722"]

1. d4 {[%clk 1:24:04]} Nf6 {[%clk 1:29:19]} 2. c4 {[%clk 1:24:24]} e6
{[%clk 1:29:46]} 3. g3 {[%clk 1:24:47]} d5 {[%clk 1:28:32]} 4. Bg2
{[%clk 1:25:10]} Be7 {[%clk 1:27:12]} 5. Nf3 {[%clk 1:24:45]} O-O
{[%clk 1:27:31]} 6. Qc2 {[%clk 1:23:48]} c5 {[%clk 1:27:12]} 7. O-O
{[%clk 1:24:05]} cxd4 {[%clk 1:26:56]} 8. Nxd4 {[%clk 1:24:26]} Nc6
{[%clk 1:26:58]} 9. Nxc6 {[%clk 1:24:42]} bxc6 {[%clk 1:27:19]} 10. b3
{[%clk 1:25:05]} a5 {[%clk 1:24:32]} 11. Nc3 {[%clk 1:25:15]} Ba6
{[%clk 1:20:01]} 12. Na4 {[%clk 1:25:03]} Rb8 {[%clk 1:12:40]} 13. Rd1
{[%clk 1:24:21]} Bd6 {[%clk 1:04:47]} 14. Be3 {[%clk 1:02:59]} Qe7
{[%clk 1:00:54]} 15. Bb6 {[%clk 0:57:34]} Bb5 {[%clk 0:59:07]} 16. Bxa5
{[%clk 0:44:13]} Bxa4 {[%clk 0:59:29]} 17. bxa4 {[%clk 0:44:38]} Bb4
{[%clk 0:59:23]} 18. Bxb4 {[%clk 0:44:59]} Rxb4 {[%clk 0:59:50]} 19. cxd5
{[%clk 0:45:17]} cxd5 {[%clk 1:00:18]} 20. Rd3 {[%clk 0:37:05]} Qa7
{[%clk 0:56:16]} 21. Rb1 {[%clk 0:31:46]} Rxa4 {[%clk 0:54:38]} 22. Rd2 1/2-1/2

[Event "Heusenstammer Schloss-Open"]
[Site "Heusenstamm"]
[Date "2014.11.23"]
[Round "7.2"]
[White "Sumets, Andrey"]
[Black "Danin, Alexandre"]
[Result "1/2-1/2"]
[LiveChessVersion "1.4.4"]
[BlackElo "2564"]
[WhiteElo "2580"]

1. d4 {[%clk 1:30:59]} Nf6 {[%clk 1:30:56]} 2. c4 {[%clk 1:31:21]} g6
{[%clk 1:31:19]} 3. Nc3 {[%clk 1:30:03]} d5 {[%clk 1:31:42]} 4. e3
{[%clk 1:30:30]} Bg7 {[%clk 1:31:59]} 5. Qa4+ {[%clk 1:30:50]} c6
{[%clk 1:28:09]} 6. cxd5 {[%clk 1:29:00]} Nxd5 {[%clk 1:28:26]} 7. Nxd5
{[%clk 1:22:45]} Qxd5 {[%clk 1:28:32]} 8. Nf3 {[%clk 1:22:54]} O-O
{[%clk 1:28:36]} 9. Bc4 {[%clk 1:23:06]} Qd6 {[%clk 1:20:14]} 10. Qb3
{[%clk 1:22:51]} Nd7 {[%clk 1:20:08]} 11. O-O {[%clk 1:05:34]} Nb6
{[%clk 1:11:54]} 12. Be2 {[%clk 1:03:09]} Be6 {[%clk 1:08:44]} 13. Qd1 1/2-1/2

[Event "Heusenstammer Schloss-Open"]
[Site "Heusenstamm"]
[Date "2014.11.23"]
[Round "7.3"]
[White "Schmittdiel, Eckhard"]
[Black "Borovikov, Vladislav"]
[Result "1/2-1/2"]
[LiveChessVersion "1.4.4"]
[BlackElo "2556"]
[WhiteElo "2450"]

1. e4 {[%clk 1:30:57]} c5 {[%clk 1:30:34]} 2. c3 {[%clk 1:31:21]} Nf6
{[%clk 1:30:42]} 3. e5 {[%clk 1:31:47]} Nd5 {[%clk 1:31:06]} 4. d4
{[%clk 1:32:14]} cxd4 {[%clk 1:31:23]} 5. Nf3 {[%clk 1:32:37]} Nc6
{[%clk 1:31:31]} 6. Bc4 {[%clk 1:32:56]} Nb6 {[%clk 1:31:39]} 7. Bb3
{[%clk 1:33:19]} d5 {[%clk 1:31:37]} 8. exd6 {[%clk 1:33:38]} Qxd6
{[%clk 1:32:04]} 9. O-O {[%clk 1:33:38]} Be6 {[%clk 1:32:11]} 10. Bxe6
{[%clk 1:33:07]} Qxe6 {[%clk 1:32:37]} 11. cxd4 {[%clk 1:32:19]} Qd7
{[%clk 1:30:13]} 12. Nc3 {[%clk 1:32:08]} e6 {[%clk 1:29:39]} 13. Be3
{[%clk 1:31:12]} Be7 {[%clk 1:15:31]} 14. Ne5 {[%clk 1:26:53]} Nxe5
{[%clk 1:08:06]} 15. dxe5 {[%clk 1:27:15]} Qxd1 {[%clk 1:07:10]} 16. Rfxd1
{[%clk 1:26:48]} Nc4 {[%clk 0:58:19]} 17. Nb5 {[%clk 1:25:24]} Nxe3
{[%clk 0:54:20]} 18. Nc7+ {[%clk 1:25:18]} Kf8 {[%clk 0:54:48]} 19. Nxa8
{[%clk 1:24:55]} Nxd1 {[%clk 0:55:14]} 20. Rxd1 {[%clk 1:25:18]} f6
{[%clk 0:55:39]} 21. exf6 {[%clk 1:24:07]} gxf6 {[%clk 0:56:02]} 22. Nc7
{[%clk 1:24:08]} Kf7 {[%clk 0:56:22]} 23. Nb5 {[%clk 1:24:17]} Rc8
{[%clk 0:53:15]} 1/2-1/2

[Event "Heusenstammer Schloss-Open"]
[Site "Heusenstamm"]
[Date "2014.11.23"]
[Round "7.4"]
[White "Zuyev, Igor"]
[Black "Baskin, Robert"]
[Result "1-0"]
[LiveChessVersion "1.4.4"]
[BlackElo "2212"]
[WhiteElo "2379"]

1. e4 {[%clk 1:22:32]} e6 {[%clk 1:30:43]} 2. d4 {[%clk 1:22:57]} d5
{[%clk 1:31:09]} 3. Nc3 {[%clk 1:23:22]} Nf6 {[%clk 1:31:36]} 4. Bg5
{[%clk 1:23:46]} dxe4 {[%clk 1:32:01]} 5. Nxe4 {[%clk 1:23:40]} Be7
{[%clk 1:32:26]} 6. Bxf6 {[%clk 1:23:53]} gxf6 {[%clk 1:32:52]} 7. Nf3
{[%clk 1:24:07]} f5 {[%clk 1:33:10]} 8. Nc3 {[%clk 1:24:10]} a6 {[%clk 1:33:36]}
9. Qe2 {[%clk 1:24:28]} b5 {[%clk 1:32:28]} 10. O-O-O {[%clk 1:24:45]} b4
{[%clk 1:32:31]} 11. Na4 {[%clk 1:24:56]} Qd5 {[%clk 1:27:20]} 12. c4
{[%clk 1:24:30]} Qe4 {[%clk 1:15:11]} 13. Qd2 {[%clk 1:23:26]} O-O
{[%clk 1:09:00]} 14. Nc5 {[%clk 1:14:19]} Bxc5 {[%clk 1:04:33]} 15. Qg5+
{[%clk 1:13:54]} Kh8 {[%clk 1:04:58]} 16. Qf6+ {[%clk 1:14:19]} Kg8
{[%clk 1:05:25]} 17. dxc5 {[%clk 1:14:42]} Qf4+ {[%clk 1:05:00]} 18. Kb1
{[%clk 1:14:11]} Nc6 {[%clk 1:01:15]} 19. h4 {[%clk 1:04:21]} Bb7
{[%clk 0:55:02]} 20. Rh3 {[%clk 1:03:21]} Rfd8 {[%clk 0:55:22]} 21. Bd3
{[%clk 0:57:23]} b3 {[%clk 0:34:26]} 22. Rg3+ {[%clk 0:56:28]} Qxg3
{[%clk 0:31:19]} 23. fxg3 {[%clk 0:56:32]} bxa2+ {[%clk 0:30:31]} 24. Ka1
{[%clk 0:52:30]} Rd7 {[%clk 0:29:53]} 25. h5 {[%clk 0:48:41]} h6 {[%clk 0:28:18]}
26. Qxh6 {[%clk 0:44:31]} Rad8 {[%clk 0:27:54]} 27. Ng5 {[%clk 0:42:16]} Nb4
{[%clk 0:27:48]} 28. Qf6 {[%clk 0:40:17]} 1-0